Fora of international commercial dispute resolution for private parties

Na minha lista:
Detalhes bibliográficos
Autor principal: Mattli, Walter
Formato: Livro
Idioma:inglês
Publicado em: San Domenico (FI) European University Institute 1999
Colecção:EUI Working paper RSC No. 99/5
Assuntos:
Tags: Adicionar Tag
Sem tags, seja o primeiro a adicionar uma tag!

MARC

LEADER 00000nam a2200000 4500
001 c132305
005 20221108123741.4
041 0 |a eng 
044 |a IT 
245 1 0 |a Fora of international commercial dispute resolution for private parties  |c Walter Mattli 
264 1 |a San Domenico (FI)  |b European University Institute  |c 1999 
300 |a 37 s. 
490 1 |a EUI Working paper RSC  |v No. 99/5 
830 0 |a EUI Working paper RSC  |v No. 99/5 
610 2 0 |a strany politické 
610 2 0 |a obchod medzinárodný 
610 2 0 |a politika medzinárodná 
610 2 0 |a inštitúcia 
610 2 0 |a spoločnosti obchodné 
100 1 |a Mattli, Walter